MDQL
is popping MORE tags! Check the
thread
!
Quizzes
Events
Quiz Creation
Community
Videos
Private Events
Remove Ads
Sign In
Join for FREE
Feedback
Dark Mode
Quiz Categories
Sports
Geography
Music
Movies
Television
Just For Fun
Miscellaneous
History
Literature
Language
Science
Gaming
Entertainment
Religion
Holiday
For Kids
Quiz Lab
Recent
Popular Today
Quiz Kudos Today
Editor Picks
Curator Picks
Quizzes by...
Day
Popularity
Type
Ratings
Length
Year
Community
Subscriptions
Recent Discussions
Orange Saloon
Badges
Playlists
Quests
Create
Leaderboards
Showdown
Live 5
Trivia Bingo
Activity
Puzzle Library
Sporcle Events
Private Events
Virtual Trivia
Globe League
Become a Host
Pub Owners
SporcleCon
Opinionation
Our Games
Videos
Blog
Mobile Apps
Partnerships
Remove Ads and Go Orange
Feedback
Television
TV Characters
TV Show
Sitcom
Network
Friends
Reality Shows
Cast
South Park
Star Trek
The Simpsons
Doctor Who
Television
TV Characters
TV Show
Sitcom
Network
Friends
Reality Shows
Cast
South Park
Star Trek
The Simpsons
Doctor Who
Random Quiz
Search Sporcle
×
Quiz Lab
Quiz Lab
Television
TV Show
Type in answers that appear in a list
Type in answers that appear in a list
Classic
Best Score? Go Orange.
Heroes TV Show Characters Stats
Can you name the Heroes TV Show Characters
By
achwalib5
5m
30 Questions
118 Plays
118 Plays
118 Plays
Comments
Comments
Give Quiz Kudos
Give Quiz Kudos
-
- Ratings
hide this ad
More Info
Random Order
Randomize order of answers
Randomize order of answers
Replay
Link that replays current quiz
Next Quiz
Link to next quiz in quiz playlist
You Got
0%
They Got
Avg Score
68%
Avg Friend Score
Upgrade to see
Score Distribution
Jump to the score distribution portion of the page
Score
0/30
Timer
05:00
0
Plays Today
Power/Season First Seen
Character
% Correct
Rapid Cellular Regeneration (Female) (1)
Claire
98.3%
Flight (1)
Nathan
94.9%
Ability Mimicry (1)
Peter
94.1%
Intuitive Aptitude (1)
Sylar
90.7%
Space-
Time Manipulation (1)
Hiro
89%
Telepathy (1)
Matt
85.6%
Precognition/
Painting the Future (1)
Isaac
82.2%
None Initially/
Enhanced Strength, Agility, and Reflexes (1)
Suresh
82.1%
None Initially/
Power Amplification/
Energy Projection (1)
Ando
80.5%
Enhanced Dreaming/
Precognition (1)
Angela
75.4%
Enhanced Strength (1)
Niki
73.7%
Technopathy (1)
Micah
72%
None (1)
Noah
71.8%
Phasing (1)
DL
70.3%
Person Location (1)
Molly
67.5%
Power/Season First Seen
Character
% Correct
Freezing (3)
Tracy
66.1%
Enhanced Speed (3)
Daphne
65.3%
Electric Manipulation (2)
Elle
62.7%
Poison Emission (2)
Maya
62.7%
Memory Manipulation/
Ability Suppression (1)
The Haitian
62.7%
Healing (1)
Linderman
57.6%
Rapid Cellular Regeneration (Male) (2)
Adam
55.1%
Radiation Generation/
Manipulation (1)
Ted
54.2%
Pyrotechnic (Female) (1)
Meredith
52.5%
Invisibility (1)
Claude
50.8%
Puppet Master (3)
Doyle
50.8%
Persuasion (1)
Eden
50%
Adoptive Muscle Memory (2)
Monica
49.2%
Terrakinesis (4)
Samuel
40.7%
Pyrotechnic (Male) (3)
Flint
39%
Quiz Playlist
Details
Report
Send in Message
Add To Playlist
More Info:
Characters from all Seasons
Classic:
Type in answers that appear in a list
Random Order:
Randomize order of answers
Quiz Source
Last Updated: Feb 16, 2017
Quiz Scoreboard
CHALLENGE
Sign Up to Join the Scoreboard
Show All
Scores
Hide
Comments
May contain spoilers
Recently Published
Holiday 10x10 Sorting Gallery
by lukepisani3
Holiday
15m
Two Season TV Shows II
by 123Four
Television
10m
Image Sorting: Flags VI
by Barbecue
Geography
2m
More to Explore
Quiz From the Vault
Featured Blog Post
14 Easter Pick-up Lines to Find Eggs With
hide this ad
You Might Also Like...
Tags
TV Show Quiz
Heroes
Today's Top Quizzes in Television
Browse Television
hide this ad
Today's Top Quizzes in TV Show
Browse TV Show
Top Contributed Quizzes in Television
1
Survivor Journey Challenge
2
Even More Two Season TV Shows
3
Adjectives in 00s TV Shows
4
Brooklyn Nine Nine Logic Puzzle (How-To-Play)
5
Adjectives in 10s TV Shows
6
Click the SpongeBob Episodes (Season 3)
7
Even More Three Season TV Shows
8
Survivor Logic Puzzle: Heroes vs. Villains
9
Total Drama Characters
10
Survivor Heroes vs. Villains Logic Puzzle
Explore More
Trending Topics
NBA
Anime
Marvel
Harry Potter
Kpop
Crossword
Disney
WWE
NFL
Soccer
Pokémon
Song
Puzzle
Country
The Office
hide this ad
More By:
achwalib5
Quiz
Plays
Rating
Category
Featured
Created
Heroes TV Show Characters
118
4.00
Television
Sep 11, 2014
Go to Creator's Profile
Score Distribution
Quiz Creator Spotlight
achwalib5
Follow
Send a Message
Quizzes Created
-
Created Quiz Play Count
-
More By This Creator
Popular Quizzes Today
1
Find the US States - No Outlines Minefield
2
Colored Red Africa Blitz
3
Find the 'City' Movie
4
The Countries of the World
5
5x2 Blitz: Bands
6
Find the Countries of Europe - No Outlines Minefield
7
Find the US States
8
US States
More Television Quizzes
60's and 70’s TV SciFi
Editor's Pick
Trending Quizzes
Colored Red Europe Blitz I
Colored Red Africa Blitz II
Colored Red Europe Blitz II
Even More Two Season TV Shows
Colored Red Africa Blitz III
Recently Updated
Quick Pick: 20 Twenties
pecheneg
March Madness Men's Triple Doubles
pecheneg
How Do You Spell That?
pecheneg
Godzilla Movies
pecheneg
Grab Bag: 4-10 Letters
pecheneg
2024 March Madness Bracket
pecheneg
Famous TV Couples
Peacemaker
Champions League XIs: Real Madrid
pecheneg
Largest US Cities 1790-2010
pecheneg
Rides in Walt Disney World
pecheneg
Trending Topics
Disney
Marvel
NBA
Anime
Crossword
Harry Potter
Kpop
Pokémon
Soccer
Puzzle
Country
Song
NFL
WWE
The Office
Your Account Isn't Verified!
In order to create a playlist on Sporcle, you need to verify the email address you used during registration. Go to your
Sporcle Settings
to finish the process.
Report this User
Report this user for behavior that violates our
Community Guidelines
.
Details:
Send Report
Go to the Sporcle.com Mobile Site →
Comments